Predator-Prey Relationships : Perspectives and Approaches From the Study of Lower Vertebrates (Record no. 594423)

MARC details
000 -LEADER
fixed length control field 00612nam a2200145Ia 4500
008 - FIXED-LENGTH DATA ELEMENTS--GENERAL INFORMATION
fixed length control field 100415s9999 xx 000 0 und d
082 ## - DEWEY DECIMAL CLASSIFICATION NUMBER
Item number 11500
Classification number 597.0524
100 ## - MAIN ENTRY--PERSONAL NAME
Personal name Feder Martin E editer
245 ## - TITLE STATEMENT
Title Predator-Prey Relationships : Perspectives and Approaches From the Study of Lower Vertebrates
260 ## - PUBLICATION, DISTRIBUTION, ETC. (IMPRINT)
Place of publication, distribution, etc LONDON
Date of publication, distribution, etc 1986
Name of publisher, distributor, etc THE UNIVERSITY OF CHICAGO PRES
365 ## - TRADE PRICE
Price amount 0
630 ## - SUBJECT ADDED ENTRY--UNIFORM TITLE
Uniform title Predator-Prey Relationships : Perspectives and Approaches From the Study of Lower Vertebrates
730 ## - ADDED ENTRY--UNIFORM TITLE
Uniform title Predator-Prey Relationships : Perspectives and Approaches From the Study of Lower Vertebrates
942 ## - ADDED ENTRY ELEMENTS (KOHA)
Koha item type Book
Holdings
Withdrawn status Lost status Damaged status Not for loan Home library Current library Date acquired Cost, normal purchase price Total Checkouts Full call number Barcode Date last seen Price effective from Koha item type
        Bombay Natural History Society Bombay Natural History Society 08/04/1997 0.00   597.0524 11500 BNHS-11500 04/15/2010 04/15/2010 Book